Seguimiento del diálogo. Primera parte

Salvato in:
Dettagli Bibliografici
Natura: testo
Pubblicazione: San Salvador: Universidad de El Salvador. Centro de Documentación
Tags: Aggiungi Tag
Nessun Tag, puoi essere il primo ad aggiungerne!!

MARC

LEADER 00000 a a2200000 04500
001 14149
003
040
090 |a 017800  
245 |a Seguimiento del diálogo. Primera parte  
260 |a San Salvador:   |b Universidad de El Salvador. Centro de Documentación  
300 |a 40 p.  
999 |c 9233  |d 9233